000 00304nam a22001217a 4500
008 170504b xxu||||| |||| 00| 0 eng d
041 _aeng
080 _a34
100 _a14
101 _aSHJ
245 _aPROCEEDINGS OF THE 10TH INTERNATIONAL CONGRESS ON CATALYSIS -PART A
_cGUCZI, L
942 _2udc
_cBK
999 _c12656
_d12656